Detalles MARC
| 000 -LIDER |
| fixed length control field |
01134nam a22003497a 4500 |
| 001 - NÚMERO DE CONTROL |
| Identificador de número de control |
046 |
| 003 - IDENTIFICACDOR DE NÚMERO DE CONTROL |
| control field |
DO-SdBNP |
| 005 - DATE AND TIME OF LATEST TRANSACTION |
| control field |
20180220095029.0 |
| 007 - CAMPOS FIJOS DE DESCRIPCIÓN FÍSICA |
| fixed length control field |
046 |
| 008 - ELEMENTOS DE LONGITUD FIJA |
| fixed length control field |
151005b 1990 sp a 00| 0 spa d |
| 020 ## - ISBN |
| International Standard Book Number |
8434812886 |
| 040 ## - FUENTE DE CATALOGACIÓN |
| Agencia que crea de manera original el registro |
BPMSU |
| Idioma de catalogación |
spa |
| Agencia que realiza la transcripción |
BPMSU |
| 092 ## - LOCALLY ASSIGNED DEWEY DECIMAL CALL NUMBER |
| Número de clasificación |
XXXX |
| Número de ítem (Cutter) |
XXXX |
| 100 1# - ASIENTO PRINCIPAL -- NOMBRE PERSONAL |
| Nombre personal |
Perera, Hilda |
| 245 10 - MENCIÓN DE TITULO |
| Título |
Kike / |
| Mención de responsabilidad |
Hilda Perera ; ilustración Marina Seoane ; dirección de la colección Marinella Terzi |
| 250 ## - MENCIÓN DE EDICION |
| Mención de edición |
8a. ed. |
| 260 ## - PUBLICACIÓN, DISTRIBUCIÓN, ETC. (PIE DE IMPRENTA) |
| Lugar de publicación, distribución, etc |
Madrid : |
| Nombre del editor, distribuidor, etc. |
Ediciones SM, |
| Fecha de publicación, distribución, etc |
1990. |
| 300 ## - DESCRIPCIÓN FÍSICA |
| Extensión |
123 p. : |
| Otros detalles físicos |
il. ; |
| Dimensiones |
19 cm. |
| 490 0# - MENCIÓN DE SERIES |
| Mención de serie |
El barco de vapor |
| Volume/sequential designation |
25 |
| Enlace |
Serie Naranja |
| 521 1# - TARGET AUDIENCE NOTE |
| Target audience note |
A partir de los 9 años |
| 586 ## - AWARDS NOTE |
| Awards note |
Premio Lazarillo, 1975 |
| 586 ## - AWARDS NOTE |
| Awards note |
Premio Lazarillo, 1978 |
| 586 ## - AWARDS NOTE |
| Awards note |
Lista de honor de la Comisión Católica Española de la Infancia, 1980 |
| 586 ## - AWARDS NOTE |
| Awards note |
Premio Nacional a la mejor labor editorial en literatura infantil y juvenil, 1982. |
| 700 12 - ASIENTO SECUNDARIO -- NOMBRE PERSONAL |
| Nombre personal |
Seoane, Marina |
| Mención de responsabilidad |
il. |
| 700 12 - ASIENTO SECUNDARIO -- NOMBRE PERSONAL |
| Nombre personal |
Terzi, Marinella |
| Mención de responsabilidad |
dir. colección |
| 830 #0 - ASIENTO SECUNDARIO DE SERIE--TÍTULO UNIFORME |
| Título uniforme |
Barco de vapor |
| Número de la parte o sección de una obra |
25 |
| Información miscelánea |
Serie Naranja |
| 910 ## - VALIDACIÓN |
| Validación |
202 |
| 942 ## - ADDED ENTRY ELEMENTS (KOHA) |
| Source of classification or shelving scheme |
Dewey Decimal Classification |
| Koha item type |
Libros |
| 945 ## - INFORMACIÓN DE PROCESAMIENTO LOCAL |
| Información de procesamiento local |
Inventariado, 2018/ YL |
| 956 ## - LOCAL ELECTRONIC LOCATION AND ACCESS (OCLC) |
| Nombre de host |
YLOCKWARD |
| Número de acceso |
10 |
| Información de compresión |
BPMSU |